LEADER 01410cam0 2200301 450 001 000002042 005 20220621145559.0 100 $a20001030d1960----km-y0itay50------ba 101 0 $aita 102 $aIT 105 $aaf------001yy 200 1 $aSinistri marittimi stivaggio delle merci$enorme 1954 sugli abbordi in mare, avarie ai mezzi di governo, incaglio, incendio, falla, salvataggi e ricuperi, norme legislative, effetti del carico sulla nave, imbarco e sbarco delle merci, stivaggio delle merci. Appendice : segnalazioni marittime e contabilità di bordo: col commento articolo per articolo delle suddette nuove norme e con larghi estratti del regolamento per la sicurezza delle navi e della vita umana in mare : ad uso degli istituti nautici e dei naviganti$fGiuseppe Sorrentino 205 $a3. ed. riv. aggiornata e ampliata 210 $aPadova$cCedam$d1960 215 $aXI, 528 p., tav.$cill.$d25 cm 451 0$1001000010436 451 0$1001000022029 500 10$aSinistri marittimi stivaggio delle merci$936493 610 1 $aSinistri marittimi 610 1 $aNavi$aStivaggio 676 $a623.89 700 1$aSorrentino,$bGiuseppe$029164 801 0$aIT$bUNIPARTHENOPE$gRICA$2UNIMARC 912 $a000002042 951 $aP1 623-S/4$b14734$cPIST$d20001107 951 $a347.71/107$b14736$cNAVA4$d2008 996 $aSinistri marittimi stivaggio delle merci$936493 997 $aUNIPARTHENOPE LEADER 03408oam 2200529I 450 001 9910154580603321 005 20230808200648.0 010 $a1-315-23740-7 024 7 $a10.4324/9781315237404 035 $a(CKB)3710000000965551 035 $a(MiAaPQ)EBC4758525 035 $a(OCoLC)973034565 035 $a(BIP)59812949 035 $a(BIP)13698057 035 $a(EXLCZ)993710000000965551 100 $a20180706e20162007 uy 0 101 0 $aeng 135 $aurcnu|||||||| 181 $2rdacontent 182 $2rdamedia 183 $2rdacarrier 200 04$aThe resurgence of the state $etrends and processes in cyberspace governance /$fedited by Myriam Dunn, Sai Felicia Krishna-Hensel, Victor Mauer 210 1$aLondon ;$aNew York :$cRoutledge,$d2016. 215 $a1 online resource (174 pages) 300 $a"First published 2007 by Ashgate Publishing"--t.p. verso. 311 08$a0-7546-4947-4 311 08$a1-351-88295-3 320 $aIncludes bibliographical references at the end of each chapters and index. 327 $a1. The reassertion of the state : governance and the information revolution / Jamal Shahin -- 2. Digital democracy and its application to the international arena : from 'deliberation' to 'decision' / Alexander Siedschlag -- 3. The information revolution and the rules of jurisdiction in public international law / Mika Hayashi -- 4. Between transnational take-off and national landing : jurisdictional dynamics in the domain name area / Dirk Lehmkulh -- 5. The return of the state in cyberspace : the hybrid regulation of global data protection / Ralf Bendrath -- 6. Conclusion / Myriam Dunn and Victor Mauer. 330 $aThe transnational architecture of global information networks has made territorial borders less significant. Boundaries between spaces are becoming blurred in the evolving information age. But do information and communication technologies networks really lead to a weakening of the nation-state? This volume revisits the 'retreat of the state' thesis and tests its validity in the 21st century. It considers cyberspace as a matter of collective and policy choice, prone to usurpation by governance structures. Governments around the world are already reacting to the information revolution and trying to re-establish their leading role in creating governance regimes for the Information Age. The volume comes at a historical moment when new political dynamics are detected and new conceptual models are sought to categorize the attempts to deal with global/transnational issues. It will intrigue the reader with expert-level analysis of the role of the state in the emerging global/supranational governance structures by providing historical context and conceptualizing trends and social dynamics. 606 $aInformation society$xPolitical aspects 606 $aInformation technology$xPolitical aspects 606 $aState, The 615 0$aInformation society$xPolitical aspects. 615 0$aInformation technology$xPolitical aspects. 615 0$aState, The. 676 $a354.75 701 $aDunn Cavelty$b Myriam$0892361 701 $aKrishna-Hensel$b Sai Felicia$0862423 701 $aMauer$b Victor$0850106 801 0$bMiAaPQ 801 1$bMiAaPQ 801 2$bMiAaPQ 906 $aBOOK 912 $a9910154580603321 996 $aThe resurgence of the state$92119443 997 $aUNINA